[Event "IECG CP.2002.Q.00016 email"]
[Site "IECG email"]
[Date "2003.10.01"]
[Round "?"]
[White "Daus, Peter"]
[Black "Mills, Tim"]
[Result "0-1"]
[WhiteElo "1963"]
[BlackElo "893"]
[PlyCount "55"]
[EventDate "2003.10.01"]
[EventType "tourn (corr)"]
[EventRounds "10"]
[SourceTitle "Corr 2008"]
[Source "ChessBase"]
[SourceDate "2008.06.24"]
[SourceVersion "1"]
[SourceVersionDate "2008.06.24"]
[SourceQuality "1"]

1. d4 d5 2. c4 e6 3. Nc3 Nf6 4. Nf3 Be7 5. Bf4 0-0 6. e3 c5 7. dxc5 Bxc5 8. Qc2 Nc6 9. a3 Qa5 10. 0-0-0 Be7 11. h4 a6 12. Ng5 Rd8 13. cxd5 exd5 14. e4 Nxe4 15. Ngxe4 Bf5 16. g4 Bxe4 17. Nxe4 dxe4 18. Kb1 Rxd1+ 19. Qxd1 Rd8 20. Qe2 Qa4 21. Bc1 Rd3 22. Qe1 Rd1 23. Qc3 Bxh4 24. Qc2 Qxc2+ 25. Kxc2 Re1 26. Be3 Bf6 27. Bg2 Re2+ 28. Kc1 0-1

[Event "IECG CP.2002.Q.00016 email"]
[Site "IECG email"]
[Date "2003.10.01"]
[Round "?"]
[White "Mills, Tim"]
[Black "Altea, Eduardo"]
[Result "1-0"]
[WhiteElo "893"]
[BlackElo "1594"]
[PlyCount "96"]
[EventDate "2003.10.01"]
[EventType "tourn (corr)"]
[EventRounds "10"]
[SourceTitle "Corr 2008"]
[Source "ChessBase"]
[SourceDate "2008.06.24"]
[SourceVersion "1"]
[SourceVersionDate "2008.06.24"]
[SourceQuality "1"]

1. d4 Nf6 2. c4 e6 3. Nc3 d5 4. Nf3 Nbd7 5. Bg5 Be7 6. e3 0-0 7. Rc1 c6 8. Qc2 h6 9. Bh4 Ne4 10. Bxe7 Qxe7 11. Bd3 Nxc3 12. bxc3 e5 13. cxd5 cxd5 14. dxe5 Nxe5 15. Nxe5 Qxe5 16. 0-0 Be6 17. Qa4 Rfd8 18. Qd4 Qc7 19. Rfd1 a6 20. a4 Rac8 21. Rb1 Qe7 22. Rb4 Rc7 23. h3 Qg5 24. Kh2 Re8 25. Rdb1 Bc8 26. R1b3 Rc6 27. Kh1 Ree6 28. a5 Qd8 29. Rb6 Rxb6 30. Rxb6 Rxb6 31. axb6 Be6 32. c4 Qd7 33. c5 Qc6 34. e4 g6 35. Bc2 dxe4 36. Bxe4 Qc8 37. Qd6 Bd7 38. Qe7 a5 39. Bd5 Be8 40. Bxb7 Qb8 41. Bd5 Kg7 42. b7 Kh7 43. c6 Qf4 44. Qxe8 Qc1+ 45. Kh2 Qf4+ 46. g3 Qxf2+ 47. Bg2 Qb2 48. b8Q Qxb8 1-0

[Event "IECG CP.2002.Q.00016 email"]
[Site "IECG email"]
[Date "2003.10.01"]
[Round "?"]
[White "Mills, Tim"]
[Black "Epiney, Flo"]
[Result "1/2-1/2"]
[WhiteElo "893"]
[BlackElo "2302"]
[PlyCount "73"]
[EventDate "2003.10.01"]
[EventType "tourn (corr)"]
[EventRounds "10"]
[SourceTitle "Corr 2008"]
[Source "ChessBase"]
[SourceDate "2008.06.24"]
[SourceVersion "1"]
[SourceVersionDate "2008.06.24"]
[SourceQuality "1"]

1. d4 Nf6 2. c4 e6 3. Nc3 Bb4 4. Qc2 0-0 5. a3 Bxc3+ 6. Qxc3 b6 7. Nf3 Bb7 8. e3 d6 9. b4 Nbd7 10. Bb2 Ne4 11. Qc2 f5 12. Bd3 Qe7 13. 0-0 a5 14. Nd2 Nxd2 15. Qxd2 e5 16. Bc3 axb4 17. axb4 e4 18. Be2 d5 19. Bb2 c6 20. cxd5 cxd5 21. Rfc1 Nf6 22. b5 Rfd8 23. Bc3 Ne8 24. Rxa8 Rxa8 25. Bb4 Qd7 26. Qc2 h6 27. Qc3 Rc8 28. Qe1 Rxc1 29. Qxc1 Nd6 30. Bxd6 Qxd6 31. Qc3 Kf7 32. f4 exf3 33. Bxf3 Qd7 34. Kf2 g6 35. g3 h5 36. Kg2 Qe7 37. Qb3 1/2-1/2

[Event "IECG CP.2002.Q.00016 email"]
[Site "IECG email"]
[Date "2003.10.01"]
[Round "?"]
[White "Mills, Tim"]
[Black "Percze, Janos"]
[Result "1/2-1/2"]
[WhiteElo "893"]
[BlackElo "2353"]
[PlyCount "72"]
[EventDate "2003.10.01"]
[EventType "tourn (corr)"]
[EventRounds "10"]
[SourceTitle "Corr 2008"]
[Source "ChessBase"]
[SourceDate "2008.06.24"]
[SourceVersion "1"]
[SourceVersionDate "2008.06.24"]
[SourceQuality "1"]

1. d4 Nf6 2. c4 g6 3. Nc3 d5 4. Bf4 Bg7 5. e3 c5 6. dxc5 Qa5 7. Rc1 dxc4 8. Bxc4 0-0 9. Nge2 Qxc5 10. Qb3 Nc6 11. Nb5 Qf5 12. Ng3 Qd7 13. Rd1 Qg4 14. Nc7 Na5 15. Qb4 Nxc4 16. h3 Qh4 17. Nxa8 Nxe3 18. fxe3 e5 19. 0-0 g5 20. Qxf8+ Bxf8 21. Bxe5 Nd7 22. Rd4 Qh6 23. Bd6 Nb6 24. Nxb6 axb6 25. Bxf8 Qxf8 26. Ne4 h6 27. g4 Be6 28. a3 Qb8 29. Nf6+ Kf8 30. Kg2 Qe5 31. Rf3 Ke7 32. Rd2 b5 33. e4 Kf8 34. Rff2 Ke7 35. Rd3 b6 36. b4 Qb8 1/2-1/2

[Event "IECG QF.2002.0.00023"]
[Site "IECG email"]
[Date "2002.08.18"]
[Round "?"]
[White "Groves, Patrick"]
[Black "Mills, Tim"]
[Result "1-0"]
[WhiteElo "1000"]
[BlackElo "816"]
[PlyCount "119"]
[EventDate "2002.08.18"]
[EventType "tourn (corr)"]
[EventRounds "6"]
[SourceTitle "Corr 2024"]
[Source "ChessBase"]
[SourceDate "2023.10.19"]
[SourceVersion "1"]
[SourceVersionDate "2023.10.19"]
[SourceQuality "1"]

1. e4 e5 2. Nf3 Nc6 3. Bc4 Nf6 4. d3 Be7 5. 0-0 0-0 6. Re1 d6 7. c3 h6 8. Bb3 Bg4 9. Nbd2 d5 10. exd5 Nxd5 11. h3 Bh5 12. Nc4 f6 13. Ne3 Bf7 14. Nxd5 Bxd5 15. d4 Bxb3 16. Qxb3+ Kh8 17. Qxb7 Na5 18. Qe4 Nc4 19. dxe5 Nxe5 20. Nxe5 fxe5 21. Qxe5 Bd6 22. Qh5 Re8 23. Qxe8+ Qxe8 24. Rxe8+ Rxe8 25. Be3 a6 26. Kf1 Rb8 27. b3 Be5 28. Bd4 Bxd4 29. cxd4 Rd8 30. Rd1 Rd5 31. Ke2 c5 32. Ke3 cxd4+ 33. Rxd4 Re5+ 34. Kd3 Re1 35. Rd8+ Kh7 36. Ra8 Rd1+ 37. Kc4 Rd2 38. a4 Rxf2 39. Rxa6 Rxg2 40. Rc6 Rh2 41. b4 Rxh3 42. b5 Ra3 43. b6 Rxa4+ 44. Kb5 Ra8 45. b7 Rb8 46. Kb6 h5 47. Rc8 Rxb7+ 48. Kxb7 g5 49. Kc6 Kg6 50. Kd5 Kf5 51. Kd4 Kf4 52. Rf8+ Kg3 53. Rf5 Kg4 54. Rf1 h4 55. Ke3 h3 56. Kf2 Kh4 57. Rc1 h2 58. Kg2 Kg4 59. Kxh2 Kf3 60. Rf1+ 1-0

[Event "IECG QF.2002.0.00023"]
[Site "IECG email"]
[Date "2002.08.18"]
[Round "?"]
[White "Xyko, Kenny"]
[Black "Mills, Tim"]
[Result "1-0"]
[WhiteElo "1024"]
[BlackElo "816"]
[PlyCount "65"]
[EventDate "2002.08.18"]
[EventType "tourn (corr)"]
[EventRounds "6"]
[SourceTitle "Corr 2024"]
[Source "ChessBase"]
[SourceDate "2023.10.19"]
[SourceVersion "1"]
[SourceVersionDate "2023.10.19"]
[SourceQuality "1"]

1. c4 c5 2. Nf3 Nf6 3. g3 g6 4. Bg2 Bg7 5. Qb3 0-0 6. Nc3 Nc6 7. d3 d6 8. 0-0 Bg4 9. h3 Bxf3 10. Bxf3 e5 11. Qxb7 e4 12. Nxe4 Nd4 13. Bg5 Rb8 14. Qxa7 Nxf3+ 15. exf3 h6 16. Bxf6 Bxf6 17. Qxb8 Qxb8 18. Nxf6+ Kg7 19. Nd7 Qxb2 20. Nxf8 Kxf8 21. a4 Qb7 22. a5 Qa6 23. Rfb1 Ke7 24. Rb6 Qa7 25. a6 Qxb6 26. a7 Qxa7 27. Rxa7+ Ke8 28. f4 h5 29. Kg2 f6 30. Kf3 f5 31. Rg7 Kf8 32. Rxg6 Ke7 33. h4 1-0

[Event "IECG QN.2002.0.00213"]
[Site "IECG email"]
[Date "2002.03.03"]
[Round "?"]
[White "Garcia Alonso, Juan Luis"]
[Black "Mills, Tim"]
[Result "1/2-1/2"]
[WhiteElo "800"]
[BlackElo "786"]
[PlyCount "49"]
[EventDate "2002.03.03"]
[EventType "tourn (corr)"]
[EventRounds "6"]
[SourceTitle "Corr 2008"]
[Source "ChessBase"]
[SourceDate "2008.06.24"]
[SourceVersion "1"]
[SourceVersionDate "2008.06.24"]
[SourceQuality "1"]

1. e4 e5 2. Nf3 Nc6 3. d4 exd4 4. Nxd4 Nf6 5. Nxc6 bxc6 6. e5 Qe7 7. Qe2 Nd5 8. c4 Nb6 9. Nd2 Ba6 10. b3 Qe6 11. Bb2 Bb4 12. a3 Bc5 13. Ne4 Be7 14. Qe3 0-0 15. Bd3 Rab8 16. Bd4 d6 17. exd6 cxd6 18. Qg3 Qh6 19. Be3 Qg6 20. Bg5 Bxg5 21. Qxg5 Qxg5 22. Nxg5 h6 23. Ne4 Nd7 24. Nxd6 Rxb3 25. Bc2 1/2-1/2

[Event "IECG QN.2002.0.00213"]
[Site "IECG email"]
[Date "2002.03.03"]
[Round "?"]
[White "Mills, Tim"]
[Black "Garcia Alonso, Juan Luis"]
[Result "1-0"]
[WhiteElo "786"]
[BlackElo "800"]
[PlyCount "80"]
[EventDate "2002.03.03"]
[EventType "tourn (corr)"]
[EventRounds "6"]
[SourceTitle "Corr 2008"]
[Source "ChessBase"]
[SourceDate "2008.06.24"]
[SourceVersion "1"]
[SourceVersionDate "2008.06.24"]
[SourceQuality "1"]

1. e4 e6 2. d4 c5 3. Nf3 cxd4 4. Nxd4 Nc6 5. Nc3 a6 6. Be3 Bb4 7. Bd3 Bxc3+ 8. bxc3 d6 9. Qg4 Qf6 10. Qg3 e5 11. Nxc6 bxc6 12. 0-0 Qg6 13. Qxg6 hxg6 14. Rab1 Nf6 15. Rb6 Kd7 16. f3 d5 17. Rd1 Kc7 18. Rb3 Rb8 19. Bc5 Nd7 20. Bb4 Bb7 21. exd5 cxd5 22. c4 d4 23. c3 Bc6 24. cxd4 Ba4 25. Ba5+ Kc8 26. c5 Ra8 27. c6 Bxb3 28. cxd7+ Kxd7 29. axb3 exd4 30. Be4 Rab8 31. Rxd4+ Ke7 32. Bb4+ Kf6 33. Bd3 Rhc8 34. Rf4+ Ke6 35. Bc4+ Ke5 36. Re4+ Kf5 37. g4+ Kg5 38. Bd2+ Kh4 39. g5+ Kh5 40. Be2 Rc1+ 1-0

[Event "IECG CN.2001.0.00253"]
[Site "IECG email"]
[Date "2001.07.01"]
[Round "?"]
[White "Mattfeld, Eric"]
[Black "Mills, Tim"]
[Result "1-0"]
[WhiteElo "805"]
[BlackElo "800"]
[PlyCount "97"]
[EventDate "2001.07.01"]
[EventType "tourn (corr)"]
[EventRounds "6"]
[SourceTitle "Corr 2008"]
[Source "ChessBase"]
[SourceDate "2008.06.24"]
[SourceVersion "1"]
[SourceVersionDate "2008.06.24"]
[SourceQuality "1"]

1. e4 c5 2. Bc4 d6 3. Nc3 Nf6 4. d3 g6 5. Nf3 e6 6. Bg5 Bg7 7. 0-0 0-0 8. Bh4 Nc6 9. d4 Qb6 10. b3 Nxd4 11. Nxd4 cxd4 12. Nb5 d5 13. exd5 e5 14. Re1 Ng4 15. a4 a6 16. Na3 Bf5 17. Be7 d3 18. Rf1 Rfe8 19. Bg5 e4 20. h3 Bxa1 21. hxg4 Bb2 22. gxf5 Bxa3 23. f6 Qd4 24. cxd3 Re5 25. Be3 Qc3 26. dxe4 Rae8 27. Bd4 Qb4 28. Bxe5 Rxe5 29. d6 Re8 30. Qd5 Re6 31. d7 Rxf6 32. d8Q+ Kg7 33. Qe8 Qb6 34. Qde5 Kh6 35. Qg8 Qd6 36. Qh2+ Qxh2+ 37. Kxh2 Bd6+ 38. g3 b5 39. Kg2 Kg5 40. f4+ Rxf4 41. gxf4+ Bxf4 42. Qd8+ f6 43. Qd5+ f5 44. exf5 gxf5 45. Qg8+ Kf6 46. Qf7+ Ke5 47. Qd5+ Kf6 48. Rxf4 Ke7 49. Qe6+ 1-0

[Event "IECG CN.2001.0.00253"]
[Site "IECG email"]
[Date "2001.07.01"]
[Round "?"]
[White "Mills, Tim"]
[Black "Henderson, Darrell"]
[Result "1-0"]
[WhiteElo "800"]
[BlackElo "722"]
[PlyCount "113"]
[EventDate "2001.07.01"]
[EventType "tourn (corr)"]
[EventRounds "6"]
[SourceTitle "Corr 2008"]
[Source "ChessBase"]
[SourceDate "2008.06.24"]
[SourceVersion "1"]
[SourceVersionDate "2008.06.24"]
[SourceQuality "1"]

1. e4 e5 2. Nf3 Nc6 3. Bb5 a6 4. Ba4 Nf6 5. 0-0 Be7 6. Nc3 0-0 7. d3 d6 8. a3 Be6 9. Bg5 Nd7 10. Bxe7 Nxe7 11. b4 b5 12. Bb3 Bxb3 13. cxb3 c6 14. Ne2 Qb6 15. Rc1 Rac8 16. Ng3 c5 17. Ng5 cxb4 18. axb4 Rxc1 19. Qxc1 h6 20. Nf3 Rc8 21. Qd2 Kh7 22. d4 f6 23. dxe5 Nxe5 24. Nxe5 dxe5 25. Qd7 Rc7 26. Qd8 Nc6 27. Qd6 Rb7 28. Rd1 Nd4 29. Qxb6 Rxb6 30. Nf5 Rc6 31. Nxd4 exd4 32. Kf1 Rd6 33. f4 Kg6 34. Ke2 f5 35. e5 Rd8 36. Ra1 d3+ 37. Kd2 Ra8 38. Kxd3 Kh5 39. Ke3 Kg4 40. Rc1 Ra7 41. e6 Kh5 42. Kd4 Kg6 43. Rc8 Kf6 44. Kd5 a5 45. Kd6 a4 46. Rf8+ Kg6 47. e7 Rxe7 48. Kxe7 axb3 49. Rd8 b2 50. Rd1 Kh5 51. Kd6 Kg4 52. Kc6 Kxf4 53. Kxb5 Ke3 54. Kc4 Ke2 55. Rb1 Kf2 56. Rxb2+ Kg1 57. b5 1-0

[Event "IECG QN.2001.0.00170"]
[Site "IECG email"]
[Date "2001.03.13"]
[Round "?"]
[White "Bordukalo, Roman"]
[Black "Mills, Tim"]
[Result "1-0"]
[WhiteElo "800"]
[BlackElo "800"]
[PlyCount "41"]
[EventDate "2001.03.13"]
[EventType "tourn (corr)"]
[EventRounds "6"]
[SourceTitle "Corr 2008"]
[Source "ChessBase"]
[SourceDate "2008.06.24"]
[SourceVersion "1"]
[SourceVersionDate "2008.06.24"]
[SourceQuality "1"]

1. e4 c5 2. Nf3 d6 3. Bb5+ Nc6 4. 0-0 a6 5. Bxc6+ bxc6 6. d4 cxd4 7. Qxd4 Nf6 8. e5 c5 9. Qd1 Ne4 10. Qd5 Bf5 11. Qc6+ Bd7 12. Qxe4 Rb8 13. exd6 Bb5 14. c4 Bd7 15. Ne5 e6 16. Rd1 Rb6 17. Qf3 Qf6 18. Qa8+ Qd8 19. Qxd8+ Kxd8 20. Nxf7+ Ke8 21. Nxh8 1-0

[Event "IECG QN.2001.0.00170"]
[Site "IECG email"]
[Date "2001.??.??"]
[Round "?"]
[White "Mills, Tim"]
[Black "Elliston, Robert V"]
[Result "1-0"]
[WhiteElo "800"]
[BlackElo "800"]
[PlyCount "91"]
[EventDate "2001.03.13"]
[EventType "tourn (corr)"]
[EventRounds "6"]
[SourceTitle "Corr 2008"]
[Source "ChessBase"]
[SourceDate "2008.06.24"]
[SourceVersion "1"]
[SourceVersionDate "2008.06.24"]
[SourceQuality "1"]

1. d4 d5 2. c4 Nf6 3. Nc3 c6 4. Nf3 dxc4 5. a4 Nbd7 6. Bg5 e6 7. e4 Qb6 8. Qd2 Bb4 9. e5 Ne4 10. Qc2 0-0 11. Qxe4 Qa5 12. Nd2 Bxc3 13. bxc3 Qxc3 14. Rd1 f5 15. Qf3 Qxd4 16. Nxc4 Qc5 17. Rd6 Qb4+ 18. Bd2 Qb1+ 19. Qd1 Qe4+ 20. Qe2 Nc5 21. Nb2 Qb1+ 22. Nd1 Nxa4 23. g3 b6 24. Qd3 Qb5 25. Qxb5 cxb5 26. Bxb5 Bb7 27. 0-0 Nc5 28. Bb4 Rac8 29. Ne3 Ne4 30. Rxe6 Rfd8 31. Bc4 Rxc4 32. Nxc4 Ng5 33. Ra1 Nh3+ 34. Kf1 Bd5 35. Nd6 Bxe6 36. Rxa7 h6 37. Re7 Bd5 38. Nxf5 Kh7 39. Rxg7+ Kh8 40. Rg6 Bc4+ 41. Kg2 Ng5 42. Rxh6+ Nh7 43. e6 Bd5+ 44. Kg1 Rc8 45. Ba3 Rc3 46. Bb2 1-0

[Event "IECG CP.2000.P.00075"]
[Site "IECG email"]
[Date "2000.10.01"]
[Round "?"]
[White "Cruz, Eudo"]
[Black "Mills, Tim"]
[Result "1-0"]
[WhiteElo "1450"]
[BlackElo "800"]
[PlyCount "49"]
[EventDate "2000.10.01"]
[EventType "tourn (corr)"]
[EventRounds "6"]
[EventCountry "SWE"]
[SourceTitle "Corr 2008"]
[Source "ChessBase"]
[SourceDate "2008.06.24"]
[SourceVersion "1"]
[SourceVersionDate "2008.06.24"]
[SourceQuality "1"]

1. d4 d5 2. c4 e6 3. a3 Nc6 4. Nf3 Nf6 5. Nc3 dxc4 6. Bg5 h6 7. Bh4 Bd6 8. e3 g5 9. Bg3 Bxg3 10. hxg3 Qe7 11. Bxc4 Bd7 12. d5 exd5 13. Nxd5 Nxd5 14. Bxd5 Qf6 15. Qb3 Be6 16. Qxb7 Kd7 17. Qxc6+ Ke7 18. Qxc7+ Kf8 19. Bxa8 Kg7 20. Qb7 Bc8 21. Qxa7 Qxb2 22. Qd4+ Qxd4 23. Nxd4 Kf6 24. Rb1 Bd7 25. Bf3 1-0